| 000 | 00644nam a2200217 a 4500 | ||
|---|---|---|---|
| 001 | 84404 | ||
| 003 | BD-RjUL | ||
| 005 | 20241202150210.0 | ||
| 008 | 241202s1938 pk ||||| |||| 00| 0 eng d | ||
| 035 | _a(BD-RjUL)84404 | ||
| 040 |
_aBD-RjUL _beng _cBD-RjUL |
||
| 041 | _aeng | ||
| 082 |
_223 _a336.22 _bREP 1938 |
||
| 245 |
_aThe report of the Land Revenue Committee / _cPunjab Land Revenue Committee |
||
| 260 |
_aLahore : _bS.G.P , _c1938 |
||
| 300 |
_axxi, 232,6 p.; _c26 cm. |
||
| 650 |
_aLand value taxation _914515 |
||
| 650 |
_aAgriculture Economic aspects _914513 |
||
| 710 |
_aPunjab Land Revenue Committee _914514 |
||
| 942 |
_2ddc _cBK |
||
| 999 |
_c84404 _d84404 |
||